MARC

LEADER 00000nam0a2200000 4500
001 169552
005 20231031163447.0
020 |a RU  |b 85-88407 
035 |a (RuTPU)RU\TPU\book\183913 
035 |a RU\TPU\book\183911 
090 |a 169552 
100 |a 20091113d1985 m y0rusy5003 ca 
101 0 |a rus 
102 |a RU 
105 |a a z 000zy 
200 1 |a Улица Волхонка, 14  |f Е. Македонская 
210 |a Москва  |c Московский рабочий  |d 1985 
215 |a 64 с.  |c 8 л. ил.  |d 16 см 
225 1 |a Биография московского дома 
610 1 |a Архитектурные памятники 
610 1 |a Культурная жизнь в Москве 
610 1 |a история 
675 |a 9  |z rus 
700 1 |a Македонская  |b Е. И.  |g Елена Иоганновна  |4 070 
801 0 |a RU  |b RuMRKP  |c 19950704  |g psbo 
801 1 |a RU  |b 63413507  |c 20091113 
801 2 |a RU  |b 63413507  |c 20091113  |g RCR 
942 |c BK